<?xml version="1.0" encoding="UTF-8"?>
<marc:record xmlns:marc="http://www.loc.gov/MARC21/slim">
   <marc:leader>00000nam a2200000 a 4500</marc:leader>
   <marc:datafield ind1="1" ind2=" " tag="100">
      <marc:subfield code="a">Moore, John</marc:subfield>
   </marc:datafield>
   <marc:datafield ind1="0" ind2="0" tag="245">
      <marc:subfield code="a">Der Fluch des Phoenix</marc:subfield>
   </marc:datafield>
   <marc:datafield ind1=" " ind2="1" tag="264">
      <marc:subfield code="c">2004</marc:subfield>
   </marc:datafield>
   <marc:datafield ind1="1" ind2=" " tag="520">
      <marc:subfield code="a">Auf einem Routineflug gerät ein Transportflugzeug urplötzlich in einen Sturm und landet in einem Horrorcrash in der Gluthitze der Wüste Gobi, fernab ihrer eigentlichen Route. Unter den Überlebenden befindet sich ein Flugzeugkonstrukteur: Gemeinsam vollbringen sie das Wunder und bauen die &#x84;Phönix&#x93; wieder auf. Doch wird sie auch fliegen und somit allen die Flucht aus der heißen Hölle ermöglichen?</marc:subfield>
   </marc:datafield>
   <marc:datafield ind1="0" ind2=" " tag="490">
      <marc:subfield code="v">0</marc:subfield>
   </marc:datafield>
   <marc:datafield ind1=" " ind2=" " tag="300">
      <marc:subfield code="a">109 min</marc:subfield>
   </marc:datafield>
</marc:record>
